[Event "Condigne Dutch Open 2018"]
[Site "Dieren"]
[Date "2018.07.30"]
[Round "6"]
[White "Evengroen, Henk-Jan"]
[Black "Zwirs, Jasper"]
[Result "1-0"]
[WhiteElo "2160"]
[BlackElo "2124"]
[Annotator "NA"]
[PlyCount "43"]
[EventDate "2018.07.24"]
[EventType "swiss"]
[EventCountry "NED"]
[SourceTitle "playchess.com"]
[Source "ChessBase"]
[SourceQuality "1"]
[TimeControl "40/5400+30:1800+30"]

1. d4 {[%emt 0:00:00]} d5 {[%emt 0:00:00]} 2. c4 {[%emt 0:00:00]} c6 {[%emt 0:00:00]} 3. Nc3 {[%emt 0:00:00]} Nf6 {[%emt 0:00:00]} 4. Nf3 {[%emt 0:00:00]} e6 {[%emt 0:00:00]} 5. Bg5 {[%emt 0:00:00]} Nbd7 {[%emt 0:00:00]} 6. e3 {[%emt 0:00:38]} Qa5 {[%emt 0:00:05]} 7. cxd5 {[%emt 0:01:38]} exd5 {[%emt 0:05:27]} 8. Nd2 {[%emt 0:08:03]} Bd6 {[%emt 0:09:57]} 9. Bd3 {[%emt 0:03:35]} O-O {[%emt 0:06:17]} 10. O-O {[%emt 0:00:04]} Qc7 {[%emt 0:04:33]} 11. f4 {[%emt 0:06:52]} b5 {[%emt 0:22:19]} 12. Rc1 {[%emt 0:02:49]} b4 {[%emt 0:09:15]} 13. Nb5 {[%emt 0:00:44]} Qb8 {[%emt 0:00:03]} 14. Rxc6 {[%emt 0:01:27]} Be7 {[%emt 0:01:03]} 15. Nc7 {[%emt 0:01:39]} Bb7 {[%emt 0:09:04]} 16. Rc1 {[%emt 0:00:48]} Bd6 {[%emt 0:00:19]} 17. Nxa8 {[%emt 0:00:11]} Qxa8 {[%emt 0:00:04]} 18. Nb3 {[%emt 0:08:05]} Re8 {[%emt 0:01:04]} 19. Re1 {[%emt 0:03:59]} Ne4 {[%emt 0:03:18]} 20. Bxe4 {[%emt 0:01:09]} Rxe4 {[%emt 0:00:08]} 21. Na5 {[%emt 0:05:42]} h6 {[%emt 0:03:33]} 22. Bxh6 {[%emt 0:00:58]} 1-0

[Event "Condigne Dutch Open 2018"]
[Site "Dieren"]
[Date "2018.07.30"]
[Round "6"]
[White "Van Roon, Sjoerd"]
[Black "Pols, Wiggert"]
[Result "1-0"]
[WhiteElo "2100"]
[BlackElo "2177"]
[Annotator "NA"]
[PlyCount "57"]
[EventDate "2018.07.24"]
[EventType "swiss"]
[EventCountry "NED"]
[SourceTitle "playchess.com"]
[Source "ChessBase"]
[SourceQuality "1"]
[TimeControl "40/5400+30:1800+30"]

1. e4 {[%emt 0:00:00]} c5 {[%emt 0:00:00]} 2. Nf3 {[%emt 0:00:00]} Nc6 {[%emt 0:00:00]} 3. d4 {[%emt 0:00:00]} cxd4 {[%emt 0:00:00]} 4. Nxd4 {[%emt 0:00:00]} e5 {[%emt 0:00:05]} 5. Nb5 {[%emt 0:00:00]} d6 {[%emt 0:00:03]} 6. N1c3 {[%emt 0:00:06]} a6 {[%emt 0:00:05]} 7. Na3 {[%emt 0:00:03]} b5 {[%emt 0:00:05]} 8. Nd5 {[%emt 0:00:08]} Nge7 {[%emt 0:00:16]} 9. c4 {[%emt 0:00:36]} Nxd5 {[%emt 0:00:06]} 10. exd5 {[%emt 0:00:36]} Nd4 {[%emt 0:00:05]} 11. cxb5 {[%emt 0:00:26]} g6 {[%emt 0:00:11]} 12. Be3 {[%emt 0:00:25]} Bg7 {[%emt 0:00:13]} 13. Bxd4 {[%emt 0:00:09]} exd4 {[%emt 0:00:08]} 14. Bd3 {[%emt 0:00:06]} O-O {[%emt 0:00:27]} 15. O-O {[%emt 0:00:11]} Bb7 {[%emt 0:07:03]} 16. bxa6 {[%emt 0:02:37]} Bxd5 {[%emt 0:01:40]} 17. b4 {[%emt 0:06:05]} Qg5 {[%emt 0:04:03]} 18. g3 {[%emt 0:02:13]} Rac8 {[%emt 0:12:10]} 19. b5 {[%emt 0:14:30]} Rc3 {[%emt 0:02:19]} 20. Nb1 {[%emt 0:01:27]} f5 {[%emt 0:13:58]} 21. Nxc3 {[%emt 0:15:32]} dxc3 {[%emt 0:00:12]} 22. Bc2 {[%emt 0:03:18]} Ba8 {[%emt 0:07:33]} 23. b6 {[%emt 0:10:18]} Bc6 {[%emt 0:00:32]} 24. Qxd6 {[%emt 0:01:52]} Bf3 {[%emt 0:07:17]} 25. b7 {[%emt 0:01:49]} Qg4 {[%emt 0:01:51]} 26. Bb3+ {[%emt 0:00:33]} Kh8 {[%emt 0:00:06]} 27. b8=Q {[%emt 0:00:14]} Qh3 {[%emt 0:00:21]} 28. Qdxf8+ {[%emt 0:00:07]} Bxf8 {[%emt 0:00:07]} 29. Qxf8# {[%emt 0:00:06]} 1-0

[Event "Condigne Dutch Open 2018"]
[Site "Dieren"]
[Date "2018.07.31"]
[Round "7"]
[White "Van den Doel, Erik"]
[Black "Loginov, Valery A"]
[Result "1-0"]
[WhiteElo "2593"]
[BlackElo "2493"]
[Annotator "TA"]
[PlyCount "61"]
[EventDate "2018.07.24"]
[EventType "swiss"]
[EventCountry "NED"]
[SourceTitle "playchess.com"]
[Source "ChessBase"]
[SourceQuality "1"]

{[%evp 26,61,25,19,29,6,81,18,37,59,55,37,35,27,31,22,49,55,22,35,108,68,483,481,443,433,677,649,695,655,1058,1039,825,749,29991,29992,29994,29995]} 1. e4 {Gofshtein,L} c5 2. Nf3 d6 3. d4 cxd4 4. Nxd4 Nf6 5. Nc3 Nc6 6. Bg5 Bd7 7. f3 e6 8. Qd2 a6 9. O-O-O h6 10. Be3 b5 11. Nxc6 Bxc6 12. Kb1 Qc7 {B66: Sicilian: Richter-Rauzer: 7...a6 8 0-0-0 h6} 13. h4 (13. Ne2 Bb7 14. Nd4 e5 15. Nb3 d5 16. exd5 Nxd5 17. Bd3 Bb4 18. c3 Be7 19. Rhe1 Rd8 20. Qf2 Nxe3 21. Qxe3 {½-½ (51) Vachier Lagrave,M (2788)-Salgado Lopez,I (2618) Drancy 2016}) 13... Rc8 14. Bd3 {[#] LiveBook: 3 Games} h5 $146 {The position is equal.} ({Predecessor:} 14... Nd7 15. Ne2 Bb7 16. Nd4 d5 17. exd5 Bxd5 18. Rhe1 Be7 {0-1 (33) Galkin,A (2593)-Khalifman,A (2662) Moscow 2005 CBM 106 [Gofshtein,L]}) 15. Rhe1 b4 (15... Be7 $11) 16. Nd5 ({White should play} 16. Ne2 $16) 16... Bxd5 17. exd5 Nxd5 18. Bxa6 Nxe3 19. Rxe3 Rb8 20. c4 {Bb5+ is the strong threat.} bxc3 21. Rxc3 Qa7 $1 {[%cal Ra7a6]} 22. Ra3 $36 {[%mdl 2048] White has the initiative.} Qd7 (22... Qc5 $14 23. Rc3 Qa7) 23. Qc3 $16 {Hoping for Ra5.} f6 $2 {[%mdl 8192] [#]} (23... d5 $14) 24. Rc1 $1 $18 Kf7 {[#]} 25. Bc8 $1 {[%cal Rc8d7,Ba6c8,Bc8e6,Be6f7][%mdl 32]} Qb5 (25... Qd8 $142 26. Ra7+ Be7) 26. Ra7+ Kg6 27. Bxe6 Qe5 28. Bf7+ Kh6 29. Ra5 Rb5 30. Rxb5 Qxb5 31. Qc2 {Precision: White = 73%, Black = 18%.} 1-0

[Event "Condigne Dutch Open 2018"]
[Site "Dieren"]
[Date "2018.07.31"]
[Round "7"]
[White "Ivanisevic, Ivan"]
[Black "Buckels, Valentin"]
[Result "1/2-1/2"]
[WhiteElo "2567"]
[BlackElo "2353"]
[Annotator "TA"]
[PlyCount "145"]
[EventDate "2018.07.24"]
[EventType "swiss"]
[EventCountry "NED"]
[SourceTitle "playchess.com"]
[Source "ChessBase"]
[SourceQuality "1"]

{[%evp 15,145,14,22,16,25,20,31,29,29,23,23,30,28,31,24,20,78,81,168,177,182,179,175,108,108,108,108,108,124,118,120,108,136,109,106,108,143,143,150,127,138,138,127,125,174,187,180,175,205,189,187,179,189,185,198,135,143,143,217,204,197,191,203,206,209,202,194,193,192,72,181,56,58,57,45,56,37,36,34,35,41,33,17,12,46,42,33,14,23,8,10,20,26,8,8,0,8,7,8,8,22,0,0,0,0,0,0,0,0,0,0,0,0,0,8,8,8,8,8,8,8,8,8,8,8,8,8,8,8,0,0,0]} 1. d4 Nf6 2. Nf3 e6 3. e3 b6 4. Bd3 Bb7 5. O-O c5 6. c4 d5 7. cxd5 {E14: Queen's Indian: Classical Variation (4 e3)} exd5 8. Nc3 Bd6 {LiveBook: 4 Games} (8... Nbd7 9. b3 Bd6 10. Bb2 O-O 11. Rc1 Rc8 12. Ne2 Re8 13. Ng3 Ne4 14. dxc5 Bxg3 15. hxg3 bxc5 16. Nd2 Ndf6 17. Nxe4 Nxe4 18. Qg4 g6 19. f3 Nd6 20. Rxc5 {1-0 (64) Mchedlishvili,M (2656)-Polgar,J (2709) Konya 2012}) 9. dxc5 bxc5 10. Qa4+ Nbd7 11. e4 O-O 12. exd5 Nb6 13. Qh4 Nbxd5 14. Nxd5 Bxd5 15. Rd1 $146 {Black must now prevent Bg5.} ({Predecessor:} 15. Bg5 h6 16. Bxf6 Qxf6 17. Qxf6 gxf6 18. b3 Bxf3 {½-½ (18) Gertners,G (2253)-Saksis,J (2453) ICCF email 2005}) 15... Bxf3 (15... Re8 $11 {keeps the balance.}) 16. gxf3 $16 Qe7 (16... Re8 $16) 17. Bg5 $18 h6 {[#]} 18. Bxh6 $1 {[%mdl 512]} gxh6 19. Qxh6 ({Better is} 19. Kh1 $1 $18 {Intending Rg1+ and mate.} Ng4 20. Qxg4+ Kh8 21. Qf5) 19... Qe5 $16 20. Kh1 {Rg1+ would kill now.} Qxh2+ 21. Qxh2 Bxh2 22. Kxh2 Rfd8 23. Bc4 Nd7 24. Kg3 Nb6 25. Ba6 Na4 26. b3 Nc3 27. Rdc1 Rd6 28. Bc4 Nd5 {( -> ...Rg6+)} 29. f4 Nb4 30. Rh1 Nc2 31. Rag1 $1 Nd4 32. Rh5 Rg6+ 33. Rg5 Kg7 {[#]} 34. Re1 $1 a5 35. Kg4 ({White should play} 35. Ree5 $18) 35... f5+ 36. Kg3 a4 (36... Kf6 $16 {was necessary.}) 37. Re7+ Kh6 38. Bd5 Rh8 39. bxa4 Rxg5+ 40. fxg5+ Kxg5 $18 {[%mdl 4096] Endgame intending ...f4+. KRB-KRN} 41. f4+ Kf6 42. Rf7+ Kg6 {[#]} 43. Ra7 (43. Rc7 $1 $18) 43... Ne2+ $14 44. Kf3 Nd4+ 45. Kg2 Ne2 46. Ra6+ Kg7 47. Kf3 Nd4+ 48. Ke3 {Threatens to win with Kd3.} Nc2+ 49. Kf2 Nb4 50. Ra7+ Kf6 51. Bc4 {Hoping for Rf7+.} Rh2+ 52. Kg3 Rc2 {...Rc3+ is the strong threat.} 53. Bb3 Rc3+ 54. Kf2 Nxa2 $1 {The position is equal.} 55. Rf7+ Kg6 $132 {[%mdl 2048] Black is fighting back} 56. Be6 Ra3 57. Rxf5 Nb4 58. Bd7 c4 59. Ke2 c3 60. Rc5 c2 61. Bf5+ Kf6 62. Bxc2 {And now Bd1 would win.} Nxc2 63. Rxc2 {aiming for Rc4.} Rxa4 $11 {KR-KR} 64. Kf3 Ra3+ 65. Kg4 Ra5 66. Rc6+ Kf7 67. Rb6 Rc5 68. Rh6 Kg7 69. Rd6 Kf7 70. Rd4 Kf6 71. Rb4 Ra5 72. f5 Ra1 73. Rb6+ {Precision: White = 73%, Black = 67%.} 1/2-1/2

[Event "Condigne Dutch Open 2018"]
[Site "Dieren"]
[Date "2018.07.31"]
[Round "7"]
[White "Ikonnikov, Vyacheslav"]
[Black "Schoppen, Casper"]
[Result "0-1"]
[WhiteElo "2536"]
[BlackElo "2395"]
[Annotator "TA"]
[PlyCount "102"]
[EventDate "2018.07.24"]
[EventType "swiss"]
[EventCountry "NED"]
[SourceTitle "playchess.com"]
[Source "ChessBase"]
[SourceQuality "1"]

{[%evp 19,102,0,0,-6,-4,-6,-7,-18,0,-42,-43,-36,-33,-47,-40,-37,-14,-44,-41,-48,-44,-54,-11,-24,-8,-52,-29,-91,-50,-62,-58,-62,-54,-53,-56,-45,-36,-56,-47,-185,-163,-183,-164,-238,-225,-419,-400,-545,-317,-335,-316,-29981,-29982,-3010,-1095,-1070,-986,-1063,-1044,-1118,-1089,-1074,-1043,-1426,-1399,-1335,-582,-578,-485,-674,-656,-1769,-1753,-1753,-1733,-5706,-1237,-1190,-1097,-29987,-29951,-29987,-29988,-29993,-29994]} 1. d4 e6 2. c4 Nf6 3. Nf3 b6 4. Nc3 Bb4 5. Bd2 O-O 6. e3 Bb7 7. Bd3 d5 8. cxd5 exd5 9. O-O Nbd7 10. a3 {E52: Nimzo-Indian: Rubinstein: 4...0-0 5 Nf3 d5 6 Bd3 b6} (10. Ne5 Bd6 11. f4 c5 12. Be1 cxd4 13. exd4 Ne4 14. Nb5 Be7 15. Rc1 a6 16. Rc7 Nxe5 17. fxe5 Bc8 {0-1 (43) Esipenko,A (2564)-Yu,Y (2751) Riadh 2017}) 10... Bd6 {LiveBook: 3 Games} 11. Nb5 Be7 12. Rc1 $146 {The position is equal.} ({Predecessor:} 12. Ne5 Ne4 13. Nxd7 Qxd7 14. Bb4 c6 15. Bxe7 Qxe7 16. Nc3 f5 17. Qe2 c5 {½-½ (45) Degirmenci,Y (1917)-Rahmanov,S (2353) Ankara 2017}) 12... c5 13. dxc5 bxc5 14. Qe1 Qb8 15. Ba5 Rc8 16. Qe2 Bc6 (16... a6 $5 17. Nc3 $8 Bd6 $15) 17. Nc3 Ne5 18. Nxe5 Qxe5 19. Bb5 Bb7 20. Rcd1 Bd6 {[%csl Gd6][%cal Re5h2] [#]} (20... a6 {seems wilder.} 21. Ba4 Rab8 22. Rfe1 Bd6 23. f4 Qe6) 21. f4 Qe7 $40 {[%mdl 128] Black is up to no good.} 22. Rfe1 (22. e4 $5 dxe4 23. Bc4 $15) 22... Rab8 23. Qd2 (23. Ba6 $11) 23... Bc7 24. Bxc7 Qxc7 25. h3 Rd8 {...d4 is the strong threat.} 26. Qf2 Qb6 {Threatens to win with ...d4.} 27. Bd3 d4 28. exd4 cxd4 29. Nb1 (29. Nb5 $15) 29... Nd5 $19 30. Rc1 Ne3 31. g3 (31. Bf1 {is a better defense.}) 31... Qb3 32. Qd2 $2 (32. Qe2) 32... Ba8 (32... Qd5 $2 33. Qh2 $19) 33. Re2 Rbc8 34. Rxc8 Rxc8 35. Kf2 $2 {[#]} (35. Re1 $19) 35... Qd5 36. Rxe3 dxe3+ (36... Qg2+ $142 37. Ke1 Qg1+ 38. Ke2 Bg2 39. Bxh7+ Kxh7 40. Qd3+ g6) 37. Qxe3 Qg2+ 38. Ke1 Bc6 39. Be2 Re8 40. Qd3 Be4 41. Qd7 Qxg3+ 42. Kd1 Rb8 (42... Qg1+ $142 43. Kd2 Rb8) 43. Nd2 Qxf4 44. Bc4 Bg6 45. Qxa7 Rd8 {[%csl Gd8][%cal Rf4d2]} 46. Qa5 Qd4 {( -> ...Qg1+)} 47. Kc1 h6 (47... Re8 $142 48. Be2 Qf2) 48. Qc3 Qf2 {[%cal Rf2e1]} 49. Bb3 Qe1+ {Black mates.} 50. Bd1 Bh5 {[%csl Gh5][%cal Re1d1]} 51. Qc2 Bxd1 {Precision: White = 25%, Black = 59%.} 0-1

[Event "Condigne Dutch Open 2018"]
[Site "Dieren"]
[Date "2018.07.31"]
[Round "7"]
[White "Krysa, Leandro"]
[Black "Ashwath, R.."]
[Result "1-0"]
[WhiteElo "2533"]
[BlackElo "2285"]
[Annotator "TA"]
[PlyCount "125"]
[EventDate "2018.07.24"]
[EventType "swiss"]
[EventCountry "NED"]
[SourceTitle "playchess.com"]
[Source "ChessBase"]
[SourceQuality "1"]

{[%evp 14,125,4,-3,43,25,25,31,42,46,50,27,30,24,27,0,8,0,0,0,9,10,19,-27,-31,-17,-18,-18,-16,-31,0,-27,21,30,41,7,20,0,28,6,25,8,54,51,83,77,53,46,63,61,74,82,78,68,91,98,108,53,55,48,56,35,43,6,39,45,37,38,53,68,83,83,84,85,90,90,81,97,81,66,66,53,75,8,16,8,92,94,307,126,350,307,291,306,274,81,82,82,496,492,426,300,5114,3829,29976,29977,29977,29978,29987,29988,29988,29989,29989,29990]} 1. d4 d5 2. c4 e6 3. Nf3 Nf6 4. Nc3 Bb4 5. cxd5 exd5 6. Bg5 Nbd7 7. Rc1 c6 8. e3 {LiveBook: 44 Games} Nf8 {D38: Queen's Gambit Declined: Ragozin Defence (4 Nf3 Bb4)} (8... Qa5 9. Bd3 Ne4 10. O-O Nxg5 11. Nxg5 Nf6 12. Qc2 h6 13. Nf3 Bd6 14. Ne5 Ng4 15. Nf3 Nf6 16. h3 {0-1 (43) Vachier Lagrave,M (2754)-Caruana,F (2803) Khanty-Mansiysk 2015 CBM 167 [Wagner,D]}) 9. Bd3 Ng6 10. O-O $146 ({Predecessor:} 10. Ne5 O-O 11. Qc2 Bd6 12. f4 Qe8 13. O-O Nd7 14. Rce1 f5 15. g4 Bxe5 16. fxe5 fxg4 {1-0 (49) Khamdamov,S (2292)-Muminova,N (2293) Dushanbe 2013}) 10... Be7 {White is slightly better.} 11. h3 Ne4 12. Bxe4 Bxg5 13. Bd3 Be7 14. Rb1 O-O 15. b4 {[%cal Bb2b4,Bb4b5][%mdl 32]} a6 16. a4 a5 17. b5 Bd6 18. e4 Nf4 19. e5 Bb4 20. Na2 Be7 21. Nc1 g6 22. Rb3 c5 23. dxc5 $1 Bxc5 24. Qd2 (24. Bc2 {keeps more tension.} b6 25. Nd3 Ne6 26. Nxc5 bxc5 27. Nh2) 24... Ne6 25. Ne2 f6 26. exf6 Qxf6 27. Bb1 Rd8 28. Rd1 Bd7 29. Rd3 {And now Ba2 would win.} Bb4 30. Qa2 Be8 31. Rxd5 Bf7 {[#] ...Rxd5 is the strong threat.} 32. Rxd8+ Rxd8 33. Rxd8+ Qxd8 34. Qc2 Qc7 35. Qxc7 (35. Qb2 $16) 35... Nxc7 $14 36. Bc2 Kg7 37. g4 Bc4 38. Nc1 Ne6 39. Ne5 Bd5 40. Bb3 Bxb3 41. Nxb3 {[%mdl 4096] Endgame KBN-KNN} Nf4 42. Nc4 Ne2+ 43. Kg2 Nc3 44. Nbxa5 Bxa5 45. Nxa5 $16 {KN-KN} b6 46. Nc6 {Black must now prevent a5.} Nxa4 47. f4 Nc3 48. Nd4 (48. Na7 $16) 48... Kf6 49. Kg3 {Black should prevent g5+.} Ne4+ (49... Ke7 $1 $11) 50. Kf3 Nc3 $2 (50... Nd6 $16 51. g5+ Kg7) 51. Ke3 (51. g5+ $18 {has better winning chances.} Ke7 52. h4) 51... Nd5+ $2 (51... h6 $16 52. h4 Ke7) 52. Ke4 $18 Nc3+ {[#]} 53. Kd3 $1 Nd5 54. Ne2 $2 (54. g5+ $18 {and the rest is easy.} Ke7 55. Ke4) 54... Ke6 $16 55. Kd4 Kd6 $2 {[%mdl 8192]} (55... Nc7 $16 {is a better chance.}) 56. f5 $18 gxf5 57. gxf5 Ne7 $2 (57... Nb4 58. f6 Nc2+ 59. Kc3 Ne3) 58. Ng3 Nc8 59. Ne4+ {White mates.} Ke7 60. Ke5 Na7 61. Nd6 h5 62. h4 Kd7 63. f6 {Precision: White = 40%, Black = 40%.} 1-0

[Event "Condigne Dutch Open 2018"]
[Site "Dieren"]
[Date "2018.07.31"]
[Round "7"]
[White "Lobanov, Sergei"]
[Black "Reinderman, Dimitri"]
[Result "0-1"]
[WhiteElo "2521"]
[BlackElo "2575"]
[Annotator "TA"]
[PlyCount "54"]
[EventDate "2018.07.24"]
[EventType "swiss"]
[EventCountry "NED"]
[SourceTitle "playchess.com"]
[Source "ChessBase"]
[SourceQuality "1"]

{[%evp 37,54,0,0,0,0,0,8,-125,-137,-133,-118,-123,-116,-260,-182,-425,-441,-593,-566]} 1. e4 c5 2. Nf3 Nc6 3. d4 cxd4 4. Nxd4 Nf6 5. Nc3 e5 6. Ndb5 d6 7. Bg5 a6 8. Na3 b5 9. Nd5 Be7 10. Bxf6 Bxf6 11. c3 Ne7 12. Nxf6+ gxf6 13. Nc2 Bb7 14. Bd3 d5 15. exd5 Qxd5 {B33: Sicilian: Pelikan and Sveshnikov Variations} 16. Ne3 Qe6 17. a4 (17. Qh5 O-O-O 18. Bc2 f5 19. Nxf5 Ng6 20. Ne3 Kc7 21. Rg1 Nf4 22. Qf5 Qe7 23. a4 {½-½ (56) Lobanov,S (2441)-Krasenkow,M (2671) Stockholm 2017}) 17... Rd8 18. Qc2 e4 19. Be2 O-O {LiveBook: 8 Games} 20. axb5 axb5 21. Ra5 ({Don't take} 21. Bxb5 $6 f5 $16) 21... f5 $1 {[%cal Bf6f5,Bf5f4][%mdl 32] aiming for ...f4.} 22. Rxb5 $146 {[#]} (22. g3 $1 $11) ({Predecessor:} 22. g3 Kh8 23. Rxb5 {½-½ (23) Guberna,A (2367)-Sudnitsyn,A (2421) ICCF email 2014}) 22... Bc6 $1 $17 {[%cal Rc6b5]} 23. Bc4 Qd7 {[%mdl 1024] Black has strong compensation.} 24. Rc5 {[#]} f4 $1 {[%cal Rf4e3]} 25. Nd1 (25. O-O $17 {might work better.} fxe3 26. fxe3) 25... Ng6 26. h4 $2 (26. O-O Rfe8 27. b4) 26... Qd6 $19 27. b4 {[#]} Ba4 $1 {[%mdl 512] Precision: White = 11%, Black = 76%.} 0-1

[Event "Condigne Dutch Open 2018"]
[Site "Dieren"]
[Date "2018.07.31"]
[Round "7"]
[White "Hausrath, Daniel"]
[Black "Beukema, Stefan"]
[Result "1/2-1/2"]
[WhiteElo "2495"]
[BlackElo "2404"]
[Annotator "TA"]
[PlyCount "159"]
[EventDate "2018.07.24"]
[EventType "swiss"]
[EventCountry "NED"]
[SourceTitle "playchess.com"]
[Source "ChessBase"]
[SourceQuality "1"]

{[%evp 11,159,13,46,38,44,34,56,41,52,37,44,12,40,38,75,39,55,61,54,20,33,-28,-38,-33,-47,-44,-47,-31,-30,-22,-31,-33,-7,-12,-14,-14,22,23,105,108,123,118,125,63,47,57,60,58,121,117,136,114,181,135,134,135,128,128,171,168,166,149,196,195,212,211,206,205,222,179,179,179,170,162,238,192,217,217,217,170,170,170,219,0,121,0,219,202,182,71,71,71,71,71,71,71,71,71,71,71,71,71,71,71,71,71,71,71,71,71,71,71,71,71,71,71,71,71,71,71,71,71,71,71,71,71,71,71,71,71,71,71,71,71,71,71,71,71,71,71,71,71,71,71,71,71,71,8,8,8]} 1. Nf3 f5 2. d3 {[%cal Bd2d3,Bd3d4][%mdl 32]} Nc6 (2... d6 3. e4 e5 4. Nc3 Be7 5. d4 fxe4 6. Nxe4 d5 7. Neg5 exd4 8. Bd3 Qd6 9. Nxd4 c5 10. Nb5 Qe5+ 11. Be3 Na6 12. O-O {1-0 (36) Svidler,P (2751)-Bu,X (2710) Tbilisi 2017}) 3. d4 e6 4. g3 Nf6 5. Bg2 g6 6. c4 {A04: Unusual lines after 1 Nf3 and King's Indian Attack} d6 {LiveBook: 3 Games} 7. d5 exd5 8. cxd5 {White is slightly better.} Ne5 9. O-O Bg7 10. Nd4 $146 ({Predecessor:} 10. Nxe5 dxe5 {1-0 (33) Zaragatski,I (2491)-Jens,J (2363) Netherlands 2015}) 10... O-O 11. Qb3 Qe7 12. Nc3 Kh8 13. Bd2 Nfd7 {[%cal Bf6d7,Bd7b6,Bb6c4][%mdl 32]} 14. Qc2 Nb6 15. Qc1 Nf7 16. Ne6 (16. e3 $14) 16... Bxe6 $11 17. dxe6 Nd8 18. a4 c6 $1 19. a5 Nc4 20. Bg5 Qxe6 21. a6 b6 (21... Qf7 {is interesting.} 22. Rd1 Ne6 23. b3 Ne5 24. Be3 Rfd8) 22. Bxd8 $1 Raxd8 23. Bxc6 Nxb2 24. Nb5 {[%cal Bc3b5,Bb5a7,Ba7c8][%mdl 32]} ({Don't play} 24. Qxb2 Rc8 $15) 24... Rf7 {[#]} (24... d5 $11) 25. Bb7 $1 $16 Qxe2 26. Nxa7 {And now Nc8 would win.} Nd3 27. Qd1 (27. Qa3 $16) 27... Qxd1 $1 $14 28. Raxd1 Nc5 $1 {[%cal Rc5b7]} 29. Nc8 $1 {[%cal Rc8d6]} ({Reject} 29. Nc6 Rdf8 $15) 29... Bf8 (29... Be5 $14 30. a7 Rxc8 31. Bxc8 Rxa7) 30. Nxb6 $16 f4 31. Rb1 Bg7 (31... Nxb7 $16 {keeps fighting.} 32. a7 d5) 32. a7 Nxb7 33. a8=Q Rxa8 34. Nxa8 Bd4 35. Rb4 Be5 36. Nb6 Nc5 37. Nc4 Ne6 38. Rb6 Ng5 39. Nxd6 Rf8 40. Nc4 Bd4 {[#]} 41. Rb5 $1 {[%cal Rb5g5]} Ne4 42. Rd5 Ba7 (42... Bxf2+ {is a better defense.} 43. Rxf2 Nxf2) 43. gxf4 Bxf2+ 44. Kg2 {Strongly threatening Re5.} Rxf4 45. Rd8+ Kg7 46. Rd7+ Kg8 47. Rd8+ (47. Re7 $18) 47... Kg7 48. Rd7+ (48. Re8 $16) 48... Kg8 $18 49. Rc7 g5 50. h3 (50. Ne5 $18 Be3 51. Rf3) 50... Bg3 $16 51. Rc8+ Kg7 52. Rf3 {Threatens to win with Rc7+.} h5 53. Rxg3 Nxg3 54. Kxg3 {[%mdl 4096] Endgame KRN-KR} h4+ 55. Kg2 {aiming for Rc5.} g4 56. hxg4 Rxg4+ 57. Kh3 Rd4 58. Rc6 Kf7 59. Ne5+ Ke7 60. Ra6 {Hoping for Nc6+.} Rd6 61. Ra4 Ke6 62. Nf3 Rd3 63. Rf4 Kd5 64. Kxh4 Re3 65. Kg5 Re8 66. Rd4+ Kc5 67. Rd2 Rf8 68. Ne5 Rf1 69. Kg4 Rg1+ 70. Kf5 Rh1 71. Rd8 Rh5+ 72. Ke4 {Rd5+ is the strong threat.} Rh4+ 73. Kd3 Rh3+ 74. Kc2 Rg3 75. Nd3+ Kc4 76. Rc8+ Kd4 77. Nf4 Rf3 78. Ne2+ Kd5 79. Rc3 (79. Kd2 $16) 79... Rxc3+ $11 80. Nxc3+ {Precision: White = 75%, Black = 53%.} 1/2-1/2

[Event "Condigne Dutch Open 2018"]
[Site "Dieren"]
[Date "2018.07.31"]
[Round "7"]
[White "Van Foreest, Lucas"]
[Black "L'Ami, Erwin"]
[Result "1/2-1/2"]
[WhiteElo "2488"]
[BlackElo "2636"]
[Annotator "TA"]
[PlyCount "106"]
[EventDate "2018.07.24"]
[EventType "swiss"]
[EventCountry "NED"]
[SourceTitle "playchess.com"]
[Source "ChessBase"]
[SourceQuality "1"]

{[%evp 22,106,16,-11,0,0,0,0,0,0,0,0,0,-62,-49,-50,-40,-29,-41,-53,-46,-53,-31,-47,-55,-73,0,-16,0,0,0,-21,0,0,52,58,52,54,39,0,0,0,0,0,0,0,0,0,0,0,0,0,0,0,0,0,0,0,0,0,0,0,0,0,0,0,0,0,0,0,0,0,0,0,0,0,0,0,0,0,0,0,0,0,0,-8,8]} 1. e4 c5 2. Nf3 Nc6 3. Bb5 g6 4. Bxc6 bxc6 5. O-O Bg7 6. Re1 Nh6 7. c3 O-O 8. h3 {B31: Sicilian: 2...Nc6 3 Bb5 g6} (8. d4 cxd4 9. cxd4 d5 10. e5 f6 11. Qc2 Bg4 12. Nbd2 Qb6 13. h3 fxe5 14. hxg4 Nxg4 15. Nc4 dxc4 16. Qxc4+ Kh8 17. Qe6 Rf5 {½-½ (64) Vidit,S (2707)-Gelfand,B (2695) Poikovsky 2018}) 8... f5 9. e5 Nf7 10. d4 cxd4 11. cxd4 c5 12. d5 {LiveBook: 6 Games} e6 13. Nc3 Bb7 14. Be3 Rc8 15. Qd2 $146 Re8 16. Rad1 Qa5 17. Qc1 (17. Bf4 $11) 17... exd5 18. Nxd5 Qxa2 19. Nf6+ Bxf6 $1 20. exf6 Bxf3 $1 21. gxf3 Qa4 22. Qc3 d6 23. f4 Qc6 ({Black should play} 23... a6 $17) 24. b4 $1 $11 cxb4 25. Qxb4 Re4 26. Qb3 Rce8 27. Ra1 d5 (27... a6 $11) 28. Rxa7 $14 Qxf6 {[#] ...d4 is the strong threat.} 29. Qxd5 {Black must now prevent Rb1.} Qe6 30. Qxe6 (30. Qb7 {looks sharper.} Qe7 31. Qb6 Qe6 32. Qb5 Nd6 33. Qc5) 30... R4xe6 {The position is equal.} 31. Rc1 {And now Rcc7 would win.} R6e7 32. Rxe7 Rxe7 $11 {[%mdl 4096] Endgame KRB-KRN} 33. Rc8+ Kg7 34. Bd4+ Kh6 35. Rg8 Nd6 36. Bf6 Rd7 37. Bg5+ Kh5 38. Rd8 Rxd8 39. Bxd8 {KB-KN} Ne4 40. Bb6 Nc3 41. Bc7 Nd5 42. Bd6 Kh4 43. Kg2 Nb6 44. Bc5 Nc4 45. Bd4 Nd2 46. Bf6+ Kh5 47. Bd4 Ne4 48. Be5 Nc5 49. Bd6 Nd3 50. Kg3 g5 51. fxg5 Kxg5 52. Kf3 Kh4 53. Ke3 Nxf2 {Precision: White = 83%, Black = 58%.} 1/2-1/2